Statistics for Star Trek Species

Click here to take the quiz!

General Stats

  • This quiz has been taken 810 times
    (652 since last reset)
  • The average score is 13 of 20

Answer Stats

HintAnswer% Correct
SpockVulcan
99%
WorfKlingon
98%
Seven of NineBorg
93%
QuarkFerengi
91%
Lt Cdr DataAndroid
88%
Lwaxana TroiBetazoid
83%
Omnipotent beingQ
82%
GarakCardassian
80%
Kira NerysBajoran
78%
Commander TomalakRomulan
72%
Jadzia DaxTrill
70%
OdoChangeling
68%
NeelixTalaxian
55%
KesOcampa
52%
Commander ShranAndorian
50%
PorthosDog
44%
First Maje CulluhKazon
38%
Dr PhloxDenobulan
35%
GuinanEl-Aurian
31%
SilikSuliban
24%

Score Distribution

Percentile by Number Answered

Percent of People with Each Score

Your Score History

You have not taken this quiz since the last reset